Quiz der Geschichte - Punische Kriege - Statistiken

Allgemein
  • Dieses Quiz wurde 156 mal gespielt
  • Das Durchschnittsergebnis liegt bei 5 aus 9
Antwortstatistiken
Hint Antwort % Korrekt
Wie viele Punische Kriege gab es? 3
97%
Welche Konfliktparteien waren involviert? Rom
94%
Welches Tier war bei dieser Überquerung besonders speziell? Elefant
89%
Welche Konfliktparteien waren involviert? Karthago
87%
Wie hiess der General, welcher mit seinen Truppen die Alpen überquerte? Hannibal Barkas
82%
Welcher General siegte im zweiten Punischen Krieg gegen die über die Alpen einfallenden Truppen? Publius Cornelius Scipio Africanus
51%
Welcher Fluss wurde 218 v. Chr. von den Endverlierern überschritten? Ebro
13%
Wo verloren die Endgewinner 255 v.Chr. eine bedeutende Schlacht? Tynes
2%
Welchem General gelang 241 v. Chr. mit einer Flotte der entscheidende Seesieg bei den Ägadischen Inseln? Gaius Lutatius Catulus
0%
Keine übereinstimmenden Quizze gefunden
Verteilung der Resultate
Anzahl Personen mit jedem Resultat
Perzentil nach korrekt beantworteten Fragen
Ihre Resultats-Entwicklung
Sie haben dieses Quiz noch nicht gespielt